00460nam a2200181 a 450000100060000000300090000600800410001502000150005604000280007108200090009910000190010824500350012726000320016230000070019449000240020165000300022565000230025521789CO-ViMGA141112s2004 ck r 000 u spa d a8484231852 aCO-ViMGAbspacCO-ViMGA04aHALp1 aHall, Alhambra10aEl príncipe de los pájaros aBarcelona : bElfos, c2005 a28 aCuentos de Alhambra14aAMOR - CUENTOS INFANTILES14aCUENTOS INFANTILES